Quizzes
Events
Quiz Creation
Community
Videos
Private Events
Remove Ads
Sign In
Join for FREE
Feedback
Dark Mode
Quiz Categories
Sports
Geography
Music
Movies
Television
Just For Fun
Miscellaneous
History
Literature
Language
Science
Gaming
Entertainment
Religion
Holiday
For Kids
Quiz Lab
Recent
Popular Today
Quiz Kudos Today
Editor Picks
Curator Picks
Quizzes by...
Day
Popularity
Type
Ratings
Length
Year
Community
Subscriptions
Recent Discussions
Orange Saloon
Badges
Playlists
Quests
Create
Leaderboards
Showdown
Live 5
Trivia Bingo
Activity
Puzzle Library
Sporcle Events
Private Events
Virtual Trivia
Globe League
Become a Host
Pub Owners
SporcleCon
Opinionation
Our Games
Videos
Blog
Mobile Apps
Partnerships
Remove Ads and Go Orange
Feedback
Movies
Disney
Marvel Cinematic Universe
Movie Resume
Movie Titles
Oscar
Actor
Actress
Director
Pixar
Role
Movie Quotes
Movie Characters
Box Office
Nominee
Best Picture
Star Wars
James Bond
Horror Movies
Movies
Disney
Marvel Cinematic Universe
Movie Resume
Movie Titles
Oscar
Actor
Actress
Director
Pixar
Role
Movie Quotes
Movie Characters
Box Office
Nominee
Best Picture
Star Wars
James Bond
Horror Movies
Random Quiz
Search Sporcle
×
Quiz Lab
Quiz Lab
Movies
Actor
Select answers by clicking on text or image buttons
Select answers by clicking on text or image buttons
Clickable
Best Score? Go Orange.
The Best Movies of the 70s, 80s, 90s Stats
Can you pick the The Best Movies of the 70s, 80s, 90s
By
guilly212
15m
76 Questions
447 Plays
447 Plays
447 Plays
Comments
Comments
Give Quiz Kudos
Give Quiz Kudos
-
- Ratings
hide this ad
Forced Order
Answers have to be entered in order
Answers have to be entered in order
Replay
Link that replays current quiz
Next Quiz
Link to next quiz in quiz playlist
You Got
0%
They Got
Avg Score
76%
Avg Friend Score
Upgrade to see
Score Distribution
Jump to the score distribution portion of the page
Score
0/76
Timer
15:00
0
Plays Today
% Correct
Titanic
88.3%
Back to the Future
88%
Star Wars (Trilogy)
86.5%
The Matrix
85.8%
The Silence of the Lambs
85.6%
Good Will Hunting
85.6%
Pulp Fiction
85.3%
The Terminator 2: Judgment Day
85.3%
Rocky
85.3%
Toy Story
84.9%
Jerry Maguire
84.2%
The Shawshank Redemption
83.5%
Die Hard
83.5%
Alien
83.5%
The Sixth Sense
82.8%
The Breakfast Club
82.8%
Fight Club
82.6%
Saving Private Ryan
82.2%
Groundhog Day
82.2%
Goodfellas
81.7%
The Truman Show
81.5%
Forrest Gump
81.3%
Se7en
81%
E.T. the Extra-Terrestrial
81%
Rain Man
80.9%
Braveheart
80.8%
The Big Lebowski
80.6%
The Godfather
80.4%
Annie Hall
80.4%
Dances with Wolves
80.4%
Ferris Bueller's Day Off
79.9%
The Shining
79.7%
American Beauty
79.7%
Stand by Me
79.7%
Jaws
79.5%
Jurassic Park
79.2%
Schindler's List
79%
Unforgiven
79%
% Correct
The Green Mile
79%
Raiders of the Lost Ark
78.8%
Gandhi
78.6%
The Lion King
78.1%
Boogie Nights
78.1%
Platoon
77.7%
Blade Runner
77.2%
The Exorcist
77.2%
Fargo
77%
Taxi Driver
76.5%
Casino
75.8%
Reservoir Dogs
75.8%
Leon: The Professional
75.6%
Twelve Monkeys
74.9%
Scarface
74.7%
Apocalypse Now
74.7%
One Flew Over the Cuckoo's Nest
74%
The Usual Suspects
73.8%
Chinatown
72.7%
A Clockwork Orange
72.5%
American History X
71.8%
The Deer Hunter
71.1%
The Godfather, Part II
70.4%
Trainspotting
70.4%
Amadeus
70%
Boyz n the Hood
70%
Heat
69.5%
Full Metal Jacket
68.2%
Magnolia
67.9%
Beauty and the Beast
67.7%
Life Is Beautiful
67.1%
The Elephant Man
67%
L.A. Confidential
66.4%
Dog Day Afternoon
63.4%
In the Name of the Father
63.2%
Network
62.8%
Raging Bull
56.9%
Once Upon a Time in America
52.8%
Quiz Playlist
Details
Report
Send in Message
Add To Playlist
Clickable:
Select answers by clicking on text or image buttons
Forced Order:
Answers have to be entered in order
Last Updated: Feb 16, 2017
Quiz Scoreboard
CHALLENGE
Sign Up to Join the Scoreboard
Show All
Scores
Hide
Comments
May contain spoilers
Recently Published
College Basketball Coaching Resumes
by pancakes188
Sports
9m
Billboard Blitz: Fleetwood Mac
by CooCooCachoo
Music
15s
Presidents Visiting Landmarks
by Hejman
History
7m
More to Explore
Quiz From the Vault
Featured Blog Post
Where Did the Easter Bunny Come From?
hide this ad
You Might Also Like...
Tags
Actor Quiz
Actress Quiz
Cast Quiz
1970s
1980s
1990s
Cast Members
Today's Top Quizzes in Movies
Browse Movies
hide this ad
Today's Top Quizzes in Actor
Browse Actor
Top Contributed Quizzes in Movies
1
Pick 5 Posters: Directed by Spielberg
2
7-to-1: Pixar Characters
3
Pick 5 Posters: Lowest-Rated Spielberg
4
Sorting Actors
5
Pick 5 Posters: Directed by Scorsese
6
Sorting Actresses
7
Pick 5 Posters: Star & Director
8
Pick 5 Posters: Women Directed 2020s
9
12 Movies about Fictional 1960s Events
10
Multi-Oscar Nominations, One Movie, One Winner
Explore More
Trending Topics
Kpop
Disney
Harry Potter
NBA
Crossword
Marvel
Anime
WWE
Song
The Office
Soccer
NFL
Puzzle
Country
Pokémon
hide this ad
More By:
guilly212
Quiz
Plays
Rating
Category
Featured
Created
50 Actor Connections
837
4.24
Movies
Mar 15, 2015
The Best Movies of the 70s, 80s, 90s
447
3.13
Movies
Oct 28, 2014
Top Paid Actors
433
3.92
Movies
Dec 14, 2014
Top 100 Party Schools of 2016 (According to Niche)
383
3.00
Miscellaneous
Mar 31, 2016
NFL's Top 50 Fantasy Wide Receivers of 2014
321
3.67
Sports
Oct 16, 2014
Go to Creator's Profile
Score Distribution
Quiz Creator Spotlight
guilly212
Follow
Send a Message
Quizzes Created
-
Created Quiz Play Count
-
More By This Creator
Popular Quizzes Today
1
Find the US States - No Outlines Minefield
2
Find the Countries of Europe - No Outlines Minefield
3
The Countries of the World
4
Find the US States
5
Risky Map Clicking: Biggest States A-Z
6
US States
7
Popular People in 1961
8
Movies - When Are They Set?
More Movies Quizzes
Disney Villianess Collage (Picture Click)
Quiz Lab
Trending Quizzes
Risky Map Clicking: Least Populous States A-Z
1-10 Letter G Words
1-10 Letter F Words
Risky Map Clicking: Next State Alphabetically
Risky Map Clicking: Biggest States A-Z
Recently Updated
Leaping Animals
pecheneg
Reality TV Shows (A-Z)
bhenderson79
Rickey Henderson's Hall of Fame Teammates
pecheneg
Champions League XIs: Arsenal
pecheneg
Quick Pick: Celebrities in WWE's Hall of Fame
aduchscher
A-Z Keypad Blitz II
pecheneg
Multiple Oscar Actors
pecheneg
Mystery Phrase Blitz: Oscar 'Best Actors'
pecheneg
F. Scott Fitzgerald Novels
LTH
Pick 3 Villains
ddd62291
Trending Topics
Harry Potter
Marvel
NBA
Kpop
Anime
Disney
Crossword
Pokémon
The Office
Puzzle
NFL
Country
Song
Soccer
WWE
Your Account Isn't Verified!
In order to create a playlist on Sporcle, you need to verify the email address you used during registration. Go to your
Sporcle Settings
to finish the process.
Report this User
Report this user for behavior that violates our
Community Guidelines
.
Details:
Send Report
Go to the Sporcle.com Mobile Site →
Comments